MARC

LEADER 00000nam0a2200000 4500
001 271696
005 20231101234448.0
020 |a RU  |b 87-44133 
035 |a (RuTPU)RU\TPU\book\294898 
035 |a RU\TPU\book\293997 
090 |a 271696 
100 |a 20141010d1987 m y0rusy5003 ca 
101 0 |a rus 
102 |a RU 
105 |a a j 001zy 
200 1 |a Устройство, монтаж и эксплуатация шахтных холодильных установок  |e учебное пособие   |f В. к. Черниченко, Я. И. Дрига, А. К. Яковенко 
210 |a Москва  |c Недра  |d 1987 
215 |a 255 с.  |c ил. 
320 |a Библиогр.: с. 244-245 
320 |a Предметный указатель: с. 250-252 
606 1 |a Рудничная аэрогазодинамика  |2 stltpush  |3 (RuTPU)RU\TPU\subj\25506  |9 49647 
610 1 |a шахтные холодильные установки 
610 1 |a устройство 
610 1 |a монтаж 
610 1 |a эксплуатация 
610 1 |a воздух 
610 1 |a кондиционирование 
610 1 |a тепловой режим 
610 1 |a компрессионные машины 
610 1 |a аппараты 
610 1 |a передвижные установки 
610 1 |a автоматизация 
675 |a 622.415(075.8)  |v 4 
700 1 |a Черниченко  |b В. к.  |g Вадим Кириллович 
701 1 |a Дрига  |b Я. И.  |g Яков Иванович 
701 1 |a Яковенко  |b А. К.  |g Анатолий Кириллович 
801 0 |a RU  |b RuMRKP  |c 19950417  |g psbo 
801 1 |a RU  |b 63413507  |c 20141002 
801 2 |a RU  |b 63413507  |c 20170314  |g RCR 
942 |c BK